Sobre los menores que sufren de incontinencia fecal de origen malformativo y sus modalidades relacionales con sus familias (notice n° 1831870)

détails MARC
000 -LEADER
fixed length control field 01289cam a2200193 4500500
005 - DATE AND TIME OF LATEST TRANSACTION
control field 20260329004226.0
041 ## - LANGUAGE CODE
Language code of text/sound track or separate title fre
042 ## - AUTHENTICATION CODE
Authentication code dc
100 10 - MAIN ENTRY--PERSONAL NAME
Personal name Disnan, Giulia
Relator term author
245 00 - TITLE STATEMENT
Title Sobre los menores que sufren de incontinencia fecal de origen malformativo y sus modalidades relacionales con sus familias
260 ## - PUBLICATION, DISTRIBUTION, ETC.
Date of publication, distribution, etc. 2025.<br/>
500 ## - GENERAL NOTE
General note 7
520 ## - SUMMARY, ETC.
Summary, etc. Los aspectos psíquicos de la incontinencia fecal de origen malformativo han sido muy poco estudiados científicamente, tanto en adultos como en niños. La experiencia singular del cuerpo inducida por estas afecciones y por sus tratamientos médico-quirúrgicos puede tener un impacto importante en las relaciones familiares. Este artículo propone un análisis de esta clínica, haciendo hincapié en las modalidades relacionales que desarrollan estos niños con sus padres. Las preguntas planteadas se están explorando actualmente en el marco de una investigación doctoral en curso.
700 10 - ADDED ENTRY--PERSONAL NAME
Personal name Crétolle, Célia
Relator term author
700 10 - ADDED ENTRY--PERSONAL NAME
Personal name Sarnacki, Sabine
Relator term author
700 10 - ADDED ENTRY--PERSONAL NAME
Personal name Gueniche, Karinne
Relator term author
786 0# - DATA SOURCE ENTRY
Note La psychiatrie de l'enfant | 68 | 2 | 2025-10-03 | p. 319-331 | 0079-726X
856 41 - ELECTRONIC LOCATION AND ACCESS
Uniform Resource Identifier <a href="https://shs.cairn.info/revista-la-psychiatrie-de-lenfant-2025-2-page-319?lang=es&redirect-ssocas=7080">https://shs.cairn.info/revista-la-psychiatrie-de-lenfant-2025-2-page-319?lang=es&redirect-ssocas=7080</a>

Pas d'exemplaire disponible.

PLUDOC

PLUDOC est la plateforme unique et centralisée de gestion des bibliothèques physiques et numériques de Guinée administré par le CEDUST. Elle est la plus grande base de données de ressources documentaires pour les Étudiants, Enseignants chercheurs et Chercheurs de Guinée.

Adresse

627 919 101/664 919 101

25 boulevard du commerce
Kaloum, Conakry, Guinée

Réseaux sociaux

Powered by Netsen Group @ 2025